000 00251nam a22001097a 4500
041 _aENG
245 _aMonograph On Internal Assessment For Universities
260 _aDelhi
_bAssociation Of Indian
_c1977
300 _a197
650 _a48
856 _u48
999 _c3143
_d3143